| 000 | 00474nam a2200169Ia 4500 | ||
|---|---|---|---|
| 999 |
_c36571 _d36571 |
||
| 003 | OSt | ||
| 005 | 20201130143318.0 | ||
| 008 | 190216s9999||||xx |||||||||||||| ||und|| | ||
| 040 | _coclc | ||
| 082 |
_a794 _bTHA/C |
||
| 100 |
_aTharappel, Joseph _97051 |
||
| 245 | 0 |
_aChess End Game Master / _cJoseph Tharappel |
|
| 260 |
_bVidyarthimithram, _aKottayam: _c1999. |
||
| 300 | _a106p | ||
| 650 | _aMalayalam | ||
| 942 |
_cREF _2ddc _h794 _iTHA/C _k794 _mTHA/C |
||